LEADER 00902nam a2200229 i 4500 001 000000220754 003 CaOOAMICUS 005 20240807150239.0 008 130531s1789 xx u000 u lat u 013 $a199651 026 $ae.n- i-b. r-um etal (C) 1789 (R) 040 $aSeMil$bita 245 10$aPars 2. 300 $a551, [1] p. 500 $aSegn.: A-2L8 2M4 773 0 $aKlüpfel, Engelbert <1733-1811>$tEngelberti Klüpfel augustiniani theologiae doctoris eiusdemque professoris publ. ord. in Universitate Friburgensi Institutiones theologiae dogmaticae in usum auditorum. Pars 1. [-2.].$dVindobonae : Apud Joan. Paul Krauss, 1789.$g2$w()12202 850 $aSeMil 852 $aSeMil$W1$xVenegono$y1$m2M II 21 FA$j171108$B171108$CSeMilBibl$Z2$F181644 $8I 941 1 $a10 961 $aRecupero: Mantegazza 996 $6245$aPars 2$9(OLS)http://semarc/title/49797 LEADER 01093nam a2200265 i 4500 001 000000113191 003 CaOOAMICUS 005 20030318000000.0 008 030318s2000 it u000 u ita u 013 $a85877 040 $aSeMil$bita 100 1 $aBuonaiuti, Ernesto,$d<1881-1946>.$0(OLS)http://semarc/name/497 245 10$aNunc dimittis! /$cErnesto Buonaiuti, Primo Mazzolari. 260 $aVicenza :$bLa Locusta,$c2000. 300 $a19 p. ;$c18 cm. 500 $aFondo Card. C.M. Martini. 600 14$aBonaiuti, Ernesto .$0(OLS)http://semarc/subject/20493 650 4$aMazzolari, Primo - Lettere e carteggi.$0(OLS)http://semarc/subject/7706 700 1 $aMazzolari, Primo,$d<1890-1959>.$0(OLS)http://semarc/name/3525 850 $aSeMil 852 $aSeMil$W1$xVenegono$y1$m3F II 316$j68902$B68902$CSeMilBibl$Z2$F101249 $81 941 1 $a4 961 $aOmaggio: Martini Card. Carlo Maria 996 $6245$aNunc dimittis!$9(OLS)http://semarc/title/165210 996 $6260$aVicenza :$bLa Locusta$9(OLS)http://semarc/publisher/31451